| 000 | 01580nam a22004811i 4500 | ||
|---|---|---|---|
| 999 |
_c176938 _d176938 |
||
| 001 | vtls000840124 | ||
| 003 | PNM | ||
| 005 | 20200315172115.0 | ||
| 006 | innnneq | ||
| 007 | sd uungunnmnnu | ||
| 008 | 171024s2018 my e f001 0 may | ||
| 015 | _aM181-01377 | ||
| 020 |
_a9789832718512 _qpaperback _cRM35.00 |
||
| 039 | 9 |
_a201908301553 _bhabirah _c201810301618 _dirfah _c201810301437 _dirfah _c201810101053 _dhazwani |
|
| 040 |
_aBNM _bmay _cBNM _dPNM _dPPAK _erda |
||
| 049 | _aklpmal | ||
| 082 | 0 | 4 |
_a297.1409595 _223 |
| 090 | 0 | 0 |
_a297.1409595 _bSHA |
| 090 | 2 | 0 |
_a297.1409595 _bSHA _dG |
| 100 | 0 |
_aShamrahayu Abd. Aziz, _cProf. Madya, Dr., _eauthor. |
|
| 245 | 1 | 0 |
_aISLAM dalam Perlembagaan Persekutuan / _cSHAMRAHAYU BINTI A. AZIZ |
| 264 | 1 |
_aKuala Lumpur : _bPenerbit IKIM, _c2018 |
|
| 300 |
_aix, 102 pages ; _c23 cm + _e1 audio disc |
||
| 336 |
_atext _2rdacontent |
||
| 336 |
_aspoken word _2rdacontent |
||
| 337 |
_aunmediated _2rdamedia |
||
| 337 |
_aaudio _2rdamedia |
||
| 338 |
_avolume _2rdacarrier |
||
| 338 |
_aaudio disc _2rdacarrier |
||
| 500 | _aIncludes index. | ||
| 504 | _aBibliography: pages 95-100 | ||
| 650 | 1 | 0 |
_aIslamic law _zMalaysia |
| 650 | 2 | 0 |
_aConstitutional law _xReligious aspects _xIslam |
| 650 | 2 | 0 |
_aIslam _zMalaysia _xHistory |
| 942 |
_2ddc _cB |
||
| 949 |
_62000607462 _a297.1409595 SHA M |
||
| 949 |
_62000607463 _a297.1409595 SHA M |
||
| 949 |
_62000607464 _a297.1409595 SHA M |
||
| 949 |
_62000098212 _e2538704 |
||
| 949 |
_62000098211 _e2538702 |
||
| 949 |
_61001303939 _e2538701 |
||
| 949 |
_61001303940 _e2538703 |
||